<?xml version="1.0" encoding="UTF-8"?>
<record
    xmlns:xsi="http://www.w3.org/2001/XMLSchema-instance"
    xsi:schemaLocation="http://www.loc.gov/MARC21/slim http://www.loc.gov/standards/marcxml/schema/MARC21slim.xsd"
    xmlns="http://www.loc.gov/MARC21/slim">

  <leader>00935nam a22002177a 4500</leader>
  <controlfield tag="001">572</controlfield>
  <controlfield tag="005">20240119151613.0</controlfield>
  <datafield tag="020" ind1=" " ind2=" ">
    <subfield code="a">9780545484923</subfield>
  </datafield>
  <datafield tag="040" ind1=" " ind2=" ">
    <subfield code="a">FISKH</subfield>
    <subfield code="b">eng</subfield>
    <subfield code="c">FISKH</subfield>
    <subfield code="d">FISKH</subfield>
  </datafield>
  <datafield tag="050" ind1=" " ind2=" ">
    <subfield code="a">PZ7.M50</subfield>
  </datafield>
  <datafield tag="082" ind1=" " ind2=" ">
    <subfield code="a">Fic</subfield>
  </datafield>
  <datafield tag="100" ind1=" " ind2=" ">
    <subfield code="a">Meadows, Daisy</subfield>
  </datafield>
  <datafield tag="245" ind1=" " ind2=" ">
    <subfield code="a">Lindsay the luck fairy</subfield>
    <subfield code="c">by Daisy Meadows</subfield>
  </datafield>
  <datafield tag="260" ind1=" " ind2=" ">
    <subfield code="a">Allen :</subfield>
    <subfield code="b">Scholastic.</subfield>
    <subfield code="c">2013.</subfield>
  </datafield>
  <datafield tag="300" ind1=" " ind2=" ">
    <subfield code="a">169 pages ;</subfield>
    <subfield code="c">20 cm</subfield>
  </datafield>
  <datafield tag="505" ind1=" " ind2=" ">
    <subfield code="a">K</subfield>
  </datafield>
  <datafield tag="520" ind1=" " ind2=" ">
    <subfield code="a">"St. patrick's Day is full of magic, and Lindsay the Luck Fairy is the one who keeps it that way! But when Jack Frost's goblins steals her special lucky charms, Lindsay's luck runs out. now everyone, everywhere will have a horribly unlucky St. Patrick's Day! Rachel and Kirsty are determined to help Lindsay find her magic. But where do they start? And without luck on their side, do they stand a chance of outsmarting the govlins?" </subfield>
  </datafield>
  <datafield tag="521" ind1=" " ind2=" ">
    <subfield code="a">550 
</subfield>
    <subfield code="b">Lexile</subfield>
  </datafield>
  <datafield tag="521" ind1=" " ind2=" ">
    <subfield code="a">K 
</subfield>
    <subfield code="b">Raz-Plus</subfield>
  </datafield>
  <datafield tag="942" ind1=" " ind2=" ">
    <subfield code="2">ddc</subfield>
    <subfield code="c">BK</subfield>
    <subfield code="n">0</subfield>
  </datafield>
  <datafield tag="999" ind1=" " ind2=" ">
    <subfield code="c">572</subfield>
    <subfield code="d">572</subfield>
  </datafield>
  <datafield tag="952" ind1=" " ind2=" ">
    <subfield code="0">0</subfield>
    <subfield code="1">0</subfield>
    <subfield code="2">ddc</subfield>
    <subfield code="4">0</subfield>
    <subfield code="7">0</subfield>
    <subfield code="8">JUVF</subfield>
    <subfield code="a">001</subfield>
    <subfield code="b">001</subfield>
    <subfield code="c">TK Yellow</subfield>
    <subfield code="d">2023-06-16</subfield>
    <subfield code="l">2</subfield>
    <subfield code="o">MEA Fic PZ7.M50</subfield>
    <subfield code="p">FISTKG4A012</subfield>
    <subfield code="r">2025-10-31 13:20:07</subfield>
    <subfield code="s">2025-10-17</subfield>
    <subfield code="t">1</subfield>
    <subfield code="w">2023-06-16</subfield>
    <subfield code="y">BK</subfield>
  </datafield>
  <datafield tag="952" ind1=" " ind2=" ">
    <subfield code="0">0</subfield>
    <subfield code="1">0</subfield>
    <subfield code="2">ddc</subfield>
    <subfield code="4">0</subfield>
    <subfield code="7">0</subfield>
    <subfield code="8">JUVF</subfield>
    <subfield code="a">001</subfield>
    <subfield code="b">001</subfield>
    <subfield code="c">TK Yellow</subfield>
    <subfield code="d">2024-01-19</subfield>
    <subfield code="l">0</subfield>
    <subfield code="o">MEA Fic PZ7.M50</subfield>
    <subfield code="p">FISTKG3B068</subfield>
    <subfield code="r">2024-01-19 15:16:04</subfield>
    <subfield code="t">2</subfield>
    <subfield code="w">2024-01-19</subfield>
    <subfield code="y">BK</subfield>
  </datafield>
</record>
